header

American legislative leaders in the South, 1911-1994 (Record no. 16531)

MARC details
000 -LEADER
fixed length control field 01568nam a2200337 a 4500
082 04 - DEWEY DECIMAL CLASSIFICATION NUMBER
Classification number 328.73/092/275
-- B
245 00 - TITLE STATEMENT
Title American legislative leaders in the South, 1911-1994
260 ## - PUBLICATION, DISTRIBUTION, ETC. (IMPRINT)
Place of publication Westport, Conn. :
Name of publisher Greenwood Press,
Year of publication 1999.
300 ## - PHYSICAL DESCRIPTION
Number of Pages xiii, 361 p.
650 #0 - SUBJECT ADDED ENTRY--TOPICAL TERM
Topical Term Legislators
Topical Term Legislators
Topical Term Legislative bodies
700 1# - ADDED ENTRY--PERSONAL NAME
Personal name Sharp, James Roger,
Personal name Sharp, Nancy Weatherly.
856 40 - ELECTRONIC LOCATION AND ACCESS
Uniform Resource Identifier http://site.ebrary.com/lib/rucke/Doc?id=5005083

No items available.

© 2026 Rongo University
Contact us: librarian | system librarian | Rongo university